00837nam a2200253 a 4500003000900000005001700009008004100026020001800067040002800085041000800113043001200121082002100133100001900154245007600173260003600249300003100285490002300316534004000339650004700379650004900426650003300475650003600508700003900544CO-ViMGA20230915233128.0130201s2011 sp a jr 0001j spa d a9788492750610 aCO-ViMGAbspacCO-ViMGA1 heng ae-uk-en04aI028 bD85n 2211 aDunbar, Polly.10a{No muerdas, Dudú! / cPolly Dunbar ; traducción Gabriela Keselman. a[Madrid] : bKókinos, c2011. a[32] p. : bil. ; c22 cm.1 aTilly y sus amigos pTítulo original : tDoodle bites.14aAnimalesx Libros ilustrados para niños.14aCocodrilosx Libros ilustrados para niños.14aCuentos infantiles ingleses.14aLibros ilustrados para niños.1 aKeselman, Gabriela, d1953-, etr.